000 00653nam a2200217Ia 4500
003 OSt
005 20221007083036.0
006 a|||||r|||| 00| 0
007 ta
008 221006b |||||||| |||| 00| 0 eng d
024 _a46,308
037 _cDissertations
040 _aFLL
_cFLL
_beng
041 _2eng
_aeng
100 _aKUMARI Aarti
_9700163
245 0 _aadvocating for a diverse judiciary
_bThe idea of having an inclusive judiciary is inbuilt in the constitution itself yet not reflected in the India judiciary
260 _c2021
300 _a131p.
_ccm.
942 _cDIS
_2CC
999 _c1168612
_d1168612